<?xml version="1.0" encoding="UTF-8"?>
<record
    xmlns:xsi="http://www.w3.org/2001/XMLSchema-instance"
    xsi:schemaLocation="http://www.loc.gov/MARC21/slim http://www.loc.gov/standards/marcxml/schema/MARC21slim.xsd"
    xmlns="http://www.loc.gov/MARC21/slim">

  <leader>00424nam a2200133Ia 4500</leader>
  <controlfield tag="008">120622s9999    xx            000 0 und d</controlfield>
  <datafield tag="020" ind1=" " ind2=" ">
    <subfield code="a">968-24-0326-X</subfield>
  </datafield>
  <datafield tag="082" ind1=" " ind2=" ">
    <subfield code="a">686.22 L673p</subfield>
  </datafield>
  <datafield tag="100" ind1=" " ind2=" ">
    <subfield code="a">Lewis, John</subfield>
  </datafield>
  <datafield tag="245" ind1=" " ind2=" ">
    <subfield code="a">Principios b&#xE1;sicos de tipograf&#xED;a / John Lewis ; tr. Agust&#xED;n Cont&#xED;n ; rev. t&#xE9;cnica Pedro Pastrana</subfield>
  </datafield>
  <datafield tag="260" ind1=" " ind2=" ">
    <subfield code="a">M&#xE9;xico : Trillas</subfield>
  </datafield>
  <datafield tag="300" ind1=" " ind2=" ">
    <subfield code="a">96 p.</subfield>
  </datafield>
  <datafield tag="650" ind1=" " ind2=" ">
    <subfield code="a">1. TIPOGRAFIA \ 2. IMPRENTA PRACTICA&#xCC;</subfield>
  </datafield>
  <datafield tag="952" ind1=" " ind2=" ">
    <subfield code="0">0</subfield>
    <subfield code="1">0</subfield>
    <subfield code="4">0</subfield>
    <subfield code="7">0</subfield>
    <subfield code="a">01</subfield>
    <subfield code="b">01</subfield>
    <subfield code="d">2007-01-25</subfield>
    <subfield code="l">1</subfield>
    <subfield code="o">686.22 L673P</subfield>
    <subfield code="p">01 000432</subfield>
    <subfield code="r">2014-01-23</subfield>
    <subfield code="s">2014-01-23</subfield>
    <subfield code="w">2012-06-24</subfield>
    <subfield code="y">LB</subfield>
  </datafield>
  <datafield tag="952" ind1=" " ind2=" ">
    <subfield code="0">0</subfield>
    <subfield code="1">0</subfield>
    <subfield code="2">lcc</subfield>
    <subfield code="4">0</subfield>
    <subfield code="7">0</subfield>
    <subfield code="a">22</subfield>
    <subfield code="b">22</subfield>
    <subfield code="d">2007-01-25</subfield>
    <subfield code="l">1</subfield>
    <subfield code="o">686.22 L673P</subfield>
    <subfield code="p">01 000433</subfield>
    <subfield code="r">2023-07-13</subfield>
    <subfield code="s">2014-01-23</subfield>
    <subfield code="t">2</subfield>
    <subfield code="w">2012-06-24</subfield>
    <subfield code="y">LB</subfield>
  </datafield>
  <datafield tag="952" ind1=" " ind2=" ">
    <subfield code="0">0</subfield>
    <subfield code="1">0</subfield>
    <subfield code="4">0</subfield>
    <subfield code="7">0</subfield>
    <subfield code="a">22</subfield>
    <subfield code="b">22</subfield>
    <subfield code="d">2007-01-25</subfield>
    <subfield code="l">2</subfield>
    <subfield code="o">686.22 L673P</subfield>
    <subfield code="p">01 006729</subfield>
    <subfield code="r">2017-02-08</subfield>
    <subfield code="s">2017-02-07</subfield>
    <subfield code="t">3</subfield>
    <subfield code="w">2012-06-24</subfield>
    <subfield code="y">LB</subfield>
  </datafield>
  <datafield tag="952" ind1=" " ind2=" ">
    <subfield code="0">0</subfield>
    <subfield code="1">0</subfield>
    <subfield code="4">0</subfield>
    <subfield code="7">0</subfield>
    <subfield code="a">22</subfield>
    <subfield code="b">22</subfield>
    <subfield code="d">2007-01-25</subfield>
    <subfield code="l">0</subfield>
    <subfield code="o">686.22 L673P</subfield>
    <subfield code="p">01 006760</subfield>
    <subfield code="r">2012-06-24</subfield>
    <subfield code="t">4</subfield>
    <subfield code="w">2012-06-24</subfield>
    <subfield code="y">LB</subfield>
  </datafield>
  <datafield tag="952" ind1=" " ind2=" ">
    <subfield code="0">0</subfield>
    <subfield code="1">0</subfield>
    <subfield code="4">0</subfield>
    <subfield code="7">0</subfield>
    <subfield code="a">22</subfield>
    <subfield code="b">22</subfield>
    <subfield code="d">2007-01-25</subfield>
    <subfield code="l">0</subfield>
    <subfield code="o">686.22 L673P</subfield>
    <subfield code="p">01 007686</subfield>
    <subfield code="r">2012-06-24</subfield>
    <subfield code="t">5</subfield>
    <subfield code="w">2012-06-24</subfield>
    <subfield code="y">LB</subfield>
  </datafield>
  <datafield tag="999" ind1=" " ind2=" ">
    <subfield code="c">54713</subfield>
    <subfield code="d">54713</subfield>
  </datafield>
</record>
